| 000 | 00376nam a22001457a 4500 | ||
|---|---|---|---|
| 999 |
_c3728 _d3728 |
||
| 008 | 200626b ||||| |||| 00| 0 eng d | ||
| 082 | 0 | 0 |
_a621.8 _bB188 |
| 100 |
_91533 _aBallaney, P. L. |
||
| 245 | 1 | 0 |
_aTheory of machines / _cby P. L. Ballaney |
| 250 | _a14th ed. | ||
| 260 |
_aDelhi _bKhanna Publications _c1985 |
||
| 300 | _axvi, 1310 p. | ||
| 650 | 0 | _aMachinery | |
| 942 | _cBK | ||